| 000 | 00764cam a2200265 i 4500 | ||
|---|---|---|---|
| 001 | 264 | ||
| 003 | BD-RjUL | ||
| 005 | 20211208233138.0 | ||
| 008 | 131117s1977 maua 001 0 eng | ||
| 020 | _a0201011182 | ||
| 035 | _a(BD-RjUL)281 | ||
| 040 |
_aDLC _cDLC _dDLC _dBD-RjUL _beng |
||
| 041 | _aeng | ||
| 082 | 0 | 0 |
_a005.432 _2 22 _bDAO 1977 |
| 100 | 1 |
_aDavis, William S., _d1943- _9865 |
|
| 245 | 1 | 0 |
_aOperating systems : _bA systematic view / _cWilliam S. Davis. |
| 260 |
_aReading, Mass. : _bAddison-Wesley Pub. Co., _cc1977. |
||
| 300 |
_axviii, 395 p. : _bill. ; _c24 cm. |
||
| 504 | _aIncludes index. | ||
| 526 | _bComputer science | ||
| 650 | 0 |
_aOperating systems (Computers) _9866 |
|
| 942 |
_2ddc _cBK |
||
| 999 |
_c264 _d264 |
||